000 00831cab a2200241 4500
001 ABS48214
008 090401t1993 xxu||||| |||| 00| 0 eng d
035 _a(Sirsi) u65498
041 _aeng
100 _aMaxted, B.
245 _aIntroductory look at bank lending attitudes in the UK and Europe
260 _c1993
350 _a0
490 _aJournal of Property Finance
_v3(4) Spring 1993, 501-508(5)
520 _aProvides an international cross-sectional focus on bank lending attitudes in the UK and Europe based on a survey by Kingfisher Property Finance in conjunction with De Montfort University.
650 _aBANK LENDING
650 _aBANKS
650 _aFINANCIAL INSTITUTIONS
650 _aMEZZANINE FINANCE
690 _aPROPERTY-PROPERTY FINANCE AND INVESTMENT
942 _n0
948 _c04/03/1997
999 _c40842
_d40842